Länder ohne Flüsse - Statistiken

Allgemein
  • Dieses Quiz wurde 133 mal gespielt
  • Das Durchschnittsergebnis liegt bei 11 aus 17
Antwortstatistiken
Land % Korrekt
Vatikanstadt
85%
Katar
76%
Jemen
75%
Oman
74%
Monaco
72%
Saudi-Arabien
72%
Nauru
70%
Tuvalu
68%
Kuwait
67%
Vereinigte Arabische Emirate
66%
Bahrain
64%
Kiribati
58%
Malta
58%
Malediven
57%
Marshallinseln
55%
Komoren
51%
Bahamas
43%
Keine übereinstimmenden Quizze gefunden
Verteilung der Resultate
Anzahl Personen mit jedem Resultat
Perzentil nach korrekt beantworteten Fragen
Ihre Resultats-Entwicklung
Sie haben dieses Quiz noch nicht gespielt